Derecho civil. Aproximacin̤ al derecho. Derecho de personas

Bibliographic Details
Main Author: Medina Pabn̤, Juan Enrique
Format: eBook
Language:Spanish
Published: Rosario : Editorial Universidad de Rosario (Colombia), 2011
Subjects:
Online Access:Acceso restringido

MARC

LEADER 00000nam a22000007a 4500
005 20120702183832.0
007 cr|||| ||||
008 120702s2011 co |||||s|||| 00||0 spa d
020 |a 978-958-738-222-8 
035 |a 6354 
040 |a vLex 
090 |c 3257  |d 3257 
100 1 |a Medina Pabn̤, Juan Enrique 
245 1 0 |a Derecho civil. Aproximacin̤ al derecho. Derecho de personas  |h [Recurso electrn̤ico] /  |c Juan Enrique Medina Pabn̤  
256 |a Servicio en ln̕ea 
260 |a Rosario :  |b Editorial Universidad de Rosario (Colombia),   |c 2011 
300 |a 1 recurso electrn̤ico 
506 1 |a Contenido solo disponible en los productos indicados  |d vLex Global   |d vLex Global (Academic Edition, excluding Law Schools)   |d vLex Global (U.S. Academic Edition, Law Schools)   |d vLex Global (U.S. Academic Edition, excluding Law Schools)   |d vLex Global (Academic Edition, Law Schools)  
650 0 4 |a Derecho civil  |z Colombia 
740 0 |a vLex Libros (Servicio en ln̕ea) 
856 4 0 |u http://vlex.com/source/derecho-civil-aproximacion-derecho-derecho-de-personas-6354  |z Acceso restringido 
942 |c BOOK 
999 0 |a Civil law